Protagoniści serii gier GTA (Grand Theft Auto) - Statystyki

Ogólne statystyki
  • Ten quiz został rozwiązany 72 razy
  • Średni wynik to 8 z 17
Statystyki odpowiedzi
Rok wydania Odsłona Odpowiedź % Poprawnych
2004 GTA: San Andreas Carl "CJ" Johnson
94%
2013 GTA V Trevor Philips
83%
2013 GTA V Franklin Clinton
80%
2008 GTA IV Niko Bellic
80%
2013 GTA V Michael De Santa
75%
2003 GTA: Vice City Thomas "Tommy" Vercetti
69%
2001 GTA III Claude
65%
2009 GTA IV: The Lost and Damned Johnny Klebitz
43%
2006 GTA: Vice City Stories Victor Vance
40%
2005 GTA: Liberty City Stories Antonio "Toni" Cipriani
37%
2009 GTA IV: The Ballad of Gay Tony Luis Lopez
34%
2004 GTA Advance Mike
26%
1999 GTA 2 Claude Speed
25%
2013 GTA Online Protagonista
18%
1997 GTA I Bubba / Kivlov / Travis / Troy / Divine / Katie / Mikki / Ulrika
14%
2009 GTA: Chinatown Wars Huang Lee
14%
1999 GTA: London, 1969GTA: London, 1961 Mick Casey / Sid Vacant / Winston Henry / Wolfie Vilans / Johnny Hawtorn / Maurice Caine / Rodney Morash / Charles Jones
11%
Nie znaleziono quizów pasujących do podanych kryteriów
Rozkład punktacji
Procent ludzi z każdym wynikiem
Percentyl według liczby udzielonych odpowiedzi
Twoja historia wyników
Nie rozwiązałeś tego quizu